<?xml version="1.0" encoding="UTF-8"?>
<collection xmlns="http://www.loc.gov/MARC21/slim">
  <record>
    <leader>00000nam  2200000   4500</leader>
    <controlfield tag="001">INLIS000000000015797</controlfield>
    <controlfield tag="005">20230906111704</controlfield>
    <datafield tag="035" ind1="#" ind2="#">
      <subfield code="a">0010-0923000038</subfield>
    </datafield>
    <controlfield tag="007">ta</controlfield>
    <controlfield tag="008">230906################|##########|#|##</controlfield>
    <datafield tag="084" ind1="#" ind2="#">
      <subfield code="a">R 158 PIM II 2022</subfield>
    </datafield>
    <datafield tag="100" ind1=" " ind2="#">
      <subfield code="a">Sorni Paskah Daeli</subfield>
    </datafield>
    <datafield tag="245" ind1="1" ind2="#">
      <subfield code="a">Strategi Peningkatan Pelayanan Publik Pada Kementerian Koordinator Bidang Pembangunan Manusia dan Kebudayaan Melalui “TUNTAS( Transparan, Unggul, Nyaman, Tangkas, Akurat, Santun) /</subfield>
      <subfield code="c">Sorni Paskah Daeli</subfield>
    </datafield>
    <datafield tag="250" ind1="#" ind2="#">
      <subfield code="a">1</subfield>
    </datafield>
    <datafield tag="260" ind1="#" ind2="#">
      <subfield code="a">Jakarta :</subfield>
      <subfield code="b">Pusbangkom Pimnas dan Manajerial ASN,</subfield>
      <subfield code="c">2022</subfield>
    </datafield>
    <datafield tag="300" ind1="#" ind2="#">
      <subfield code="a">40 halaman :</subfield>
      <subfield code="b">ilus ;</subfield>
      <subfield code="c">30 cm</subfield>
    </datafield>
    <datafield tag="650" ind1="#" ind2="4">
      <subfield code="a">Pelayanan</subfield>
    </datafield>
    <datafield tag="520" ind1="#" ind2="#">
      <subfield code="a">Milestone tahapan pelaksanaan projek perubahan terbagi dalam 3 tahapan jangka waktu dengan target sebagai berikut :&#13;
a. jangka pendek : tersusunnya rancangan Permenko tentang standar pelayanan publik, ditetapkannya Permenko tentang standar pelayanan publik, ditetapkan Kepmenko tentang Pedoman Pelayanan Publik.&#13;
b. Jangka menengah : melakukan proses penyesuaian (tuning) mekanisme layanan untuk memperluas area implementasi pada unit lainnya.&#13;
c. jangka panjang : melakukan implementasi terhadap seluruh layanan yang terintegrasi baik secara internal dan terintegrasi dengan situation room Kemenko PMK, dan terwujudnya pelayanan prima di Kemenko PMK. Teknik komunikasi yang digunakan dalam proyek perubahan  ini adalah dengan menentukan tujuan bersama dengan stakeholders, menentukan pesan kunci (key message), menentukan sarana (channel), dan komunikasi melalui sejumlah jejaring yang ada.</subfield>
    </datafield>
    <datafield tag="856" ind1="#" ind2="#">
      <subfield code="a">Perpustakaan LAN Pusat</subfield>
    </datafield>
    <datafield tag="990" ind1="#" ind2="#">
      <subfield code="a">158</subfield>
    </datafield>
  </record>
</collection>
